| 000 | 00709 a2200193 4500 | ||
|---|---|---|---|
| 020 | _a1114112887 (hardcover) | ||
| 020 | _a9781114112889 (hardcover) | ||
| 082 | _a537.532 | ||
| 090 |
_c1770 _d1770 |
||
| 100 | 1 | _aMontgomery, D C & Tidman, D A. | |
| 245 | 1 | 0 |
_aPlasma kinetic theory / _cD C & Tidman, D A Montgomery. |
| 250 | _aFirst Edition. | ||
| 260 |
_a[S.l.] : _bMcGraw-Hill, _c1964. |
||
| 300 |
_a293 p. ; _c24 cm. |
||
| 500 | _aImport. | ||
| 520 | _aHardback, ex-library, with usual stamps and markings, in good all round condition. | ||
| 942 |
_aSNS _cBK _k537.532 MON |
||
| 999 |
_c30377 _d30377 |
||